| 000 | 00344nam a2200133 4500 | ||
|---|---|---|---|
| 020 | _a9780175440108 | ||
| 050 | 0 | 0 |
_aT353 _bY37 1983 |
| 100 | 1 | 0 | _aYarwood, A. |
| 245 | 1 | 0 |
_aGeometrical and technical drawing : _bBook 2. _cA Yarwood. |
| 260 |
_aUK : _bThomas Nelson and Sons Ltd, _cc1983. |
||
| 300 | _a112 p. ; | ||
| 650 | 0 | _bGeometry. | |
| 942 | _cGEN | ||
| 999 |
_c1189 _d1189 |
||